| 000 | 00350cam a22001097a 4500 | ||
|---|---|---|---|
| 008 | 180718b1995 xxu||||| |||| 00| 0 eng d | ||
| 245 | _aStatistical handbook 1995: states of the former USSR | ||
| 260 |
_aWashington _bWorld Bank _c1995 |
||
| 300 | _a627p. | ||
| 440 | _aStudies of economies in transformation paper no. 19 | ||
| 650 | _aStatistical handbook | ||
| 999 |
_c327566 _d327566 |
||